| 000 | 006390000a22001810004500 | ||
|---|---|---|---|
| 003 | MACL | ||
| 005 | 20160205111915.0 | ||
| 008 | 160205b xxu||||| |||| 00| 0 eng d | ||
| 040 |
_aMACL _cMACL |
||
| 041 | _aHindi | ||
| 082 | _a025.31/AGA | ||
| 100 |
_aअग्रवाल श्याम सुन्दर _936944 |
||
| 245 | _aपुस्तकालय सूचीकरण एक अघ्ययन | ||
| 260 |
_bमध्यप्रदेश हिन्दी ग्रन्थ _c1971 _aइलाहाबाद |
||
| 350 | _a16 | ||
| 650 |
_aLibrary & Inf Science _936940 |
||
| 942 |
_cHIN _k020 _2ddc |
||
| 999 |
_c25992 _d25992 |
||